The charismatic church. (Record no. 14160)

000 -LEADER
fixed length control field 00596nam a2200205 a 4500
001 - CONTROL NUMBER
control field :::00011984$&:&@@
003 - CONTROL NUMBER IDENTIFIER
control field OkBaRHE
005 - DATE AND TIME OF LATEST TRANSACTION
control field 20000607103414.0
008 - FIXED-LENGTH DATA ELEMENTS--GENERAL INFORMATION
fixed length control field s1974 j 000 0 eng u
020 ## - INTERNATIONAL STANDARD BOOK NUMBER
International Standard Book Number 0871230801
040 ## - CATALOGING SOURCE
Transcribing agency
100 1# - MAIN ENTRY--PERSONAL NAME
Personal name Olson, William George.
245 14 - TITLE STATEMENT
Title The charismatic church.
260 ## - PUBLICATION, DISTRIBUTION, ETC. (IMPRINT)
Place of publication, distribution, etc Minneapolis, MN., :
Name of publisher, distributor, etc Bethany Fellowship
Date of publication, distribution, etc 1974
300 ## - PHYSICAL DESCRIPTION
Extent 152 p. ;
Dimensions 21 cm.
650 ## - SUBJECT ADDED ENTRY--TOPICAL TERM
Topical term or geographic name as entry element Church Polity
650 ## - SUBJECT ADDED ENTRY--TOPICAL TERM
Topical term or geographic name as entry element Pentecostalism
942 ## - ADDED ENTRY ELEMENTS (KOHA)
Source of classification or shelving scheme
Koha item type Books
Copies
Barcode Koha item type Full call number Date acquired Copy number Source of classification or shelving scheme Permanent Location Price effective from Not for loan Withdrawn status Damaged status Date last seen Lost status Shelving location
11984BooksBX 8763 .O432010-04-141 RHEMA Bible Training College2010-04-14   2010-04-14 General Stacks